New Zealand Rugby All Blacks - Youngest Captains - Statistics

General Stats
  • This quiz has been taken 26 times
  • The average score is 3 of 8
Answer Stats
Year First Captained Captain % Correct
2004 Richard McCaw
96%
2015 Sam Cane
83%
1998 Taine Randell
63%
1997 Justin Marshall
46%
1958 Wilson Whineray
38%
1968 Chris Laidlaw
13%
1955 Ian Clarke
8%
1952 Kevin Skinner
0%
No matching quizzes found
Score Distribution
Percent of People with Each Score
Percentile by Number Answered
Your Score History
You have not taken this quiz